000 02314cam a22005778i 4500
001 269430
003 GBCCL
005 20241126110350.0
008 130617s2012 iluab b 001 0 eng
010 _a 2013015687
020 _a9780830829286 (pbk. : alk. paper)
020 _a0830829288 (pbk. : alk. paper)
035 _a(OCoLC)ocn827694804
035 _a(OCoLC)827694804
_z(OCoLC)828037563
040 _aDLC
_beng
_erda
_cDLC
_dYDXCP
_dBDX
_dBTCTA
_dCDX
_dGZD
_dBTA
_dOCLCF
_dABG
042 _apcc
049 _aLBBK
050 0 0 _aBS630
_b.L39 2013
082 0 0 _a220.910223
_223
_bLAW
090 _aBS630
_b.L39 2013
100 1 _aLawrence, Paul
_q(Paul John Nicholas)
_91569
240 1 0 _aLion concise atlas of Bible history
245 1 4 _aThe IVP concise atlas of Bible history /
_cPaul Lawrence ; edited by Richard Johnson.
246 3 _aInterVarsity Press concise atlas of bible history
246 3 0 _aConcise atlas of Bible history
246 1 0 _aAtlas of Bible history
264 1 _aDowners Grove, Illinois :
_bIVP Academic, an imprint of InterVarsity Press,
_c[2012]
264 4 _cp3s2012
300 _a191 pages :
_bcolor illustrations, color maps ;
_c23 cm
336 _atext
_2rdacontent
337 _aunmediated
_2rdamedia
338 _avolume
_2rdacarrier
500 _aOriginally published in the UK under the title: The Lion concise atlas of Bible history.
504 _aIncludes bibliographical references (page 176) and index.
630 0 0 _aBible
_xGeography.
_91570
630 0 0 _aBible
_xGeography
_vMaps.
_91571
630 0 0 _aBible
_xHistory of Biblical events.
_91262
630 0 0 _aBible
_xHistory of Biblical events
_vMaps.
_91572
630 0 0 _aBible
_xHistory.
_91573
630 0 7 _aBible.
_2fast
_0(OCoLC)fst01356024
_9599
650 7 _aGeography.
_2fast
_0(OCoLC)fst00940469
_91574
650 7 _aHistorical geography.
_2fast
_0(OCoLC)fst00958122
_91575
650 7 _aHistory of Biblical events.
_2fast
_0(OCoLC)fst01865053
_91576
651 0 _aMiddle East
_xHistorical geography.
_91577
651 0 _aMiddle East
_xHistorical geography
_vMaps.
_91578
651 7 _aMiddle East.
_2fast
_0(OCoLC)fst01241586
_91579
655 7 _aHistory.
_2fast
_0(OCoLC)fst01411628
_9661
655 7 _aMaps.
_2fast
_0(OCoLC)fst01423704
_91580
700 1 _aJohnson, Richard,
_d1976-
_91581
942 _2ddc
_cREF
999 _c960
_d960